Regulating the U.S. campaign environment : politics and policy /

Bibliographic Details
Main Author: Garrett, R. Sam, 1977- (Author)
Format: Government Document Database
Language:English
Published: [Washington, D.C.] : Congressional Research Service, 2018-
Edition:[Library of Congress public edition].
Series:Insight (Library of Congress. Congressional Research Service) ; IN10878.
Subjects:
Online Access:https://purl.fdlp.gov/GPO/gpo142657

MARC

Tag First Indicator Second Indicator Subfields
LEADER 00000cai a2200000 i 4500
001 in00004276830
005 20211120110126.0
006 m o d f
007 cr mn|||||||||
008 200807c20189999dcu x w o f0 2eng c
010 |a  2020253199 
035 |a (OCoLC)on1182809580 
040 |a GPO  |b eng  |e rda  |e pn  |c GPO  |d MvI  |d UtOrBLW 
042 |a pcc 
043 |a n-us--- 
049 |a WWW 
074 |a 0807-A-12 (online) 
086 0 |a LC 14.25/2:IN 10878/ 
100 1 |a Garrett, R. Sam,  |d 1977-  |e author.  |0 http://id.loc.gov/authorities/names/n2009040435 
245 1 0 |a Regulating the U.S. campaign environment :  |b politics and policy /  |c R. Sam Garrett. 
246 1 |a Regulating the United States campaign environment 
250 |a [Library of Congress public edition]. 
264 1 |a [Washington, D.C.] :  |b Congressional Research Service,  |c 2018- 
300 |a 1 online resource. 
310 |a Updated irregularly 
336 |a text  |b txt  |2 rdacontent 
337 |a computer  |b c  |2 rdamedia 
338 |a online resource  |b cr  |2 rdacarrier 
490 1 |a IN ;  |v 10878 
500 |a The CRS web page provides access to all versions published since 2018 in accordance with P.L. 115-141. 
588 |a Description based on contents viewed on Aug. 8, 2020; title from CRS web page. 
651 0 |a United States  |x Politics and government.  |0 http://id.loc.gov/authorities/subjects/sh85140410 
650 0 |a Political campaigns  |z United States.  |0 http://id.loc.gov/authorities/subjects/sh2008109540 
650 0 |a Elections  |z United States.  |0 http://id.loc.gov/authorities/subjects/sh85041561 
710 2 |a Library of Congress.  |b Congressional Research Service,  |e issuing body.  |0 http://id.loc.gov/authorities/names/n79061321 
773 0 8 |i Contained in (work):  |t CRS reports (Library of Congress. Congressional Research Service)  |w (DLC) 2018231131  |w (OCoLC)1052784408 
830 0 |a Insight (Library of Congress. Congressional Research Service) ;  |v IN10878.  |0 http://id.loc.gov/authorities/names/no2020046109 
856 4 0 |u https://purl.fdlp.gov/GPO/gpo142657  |t 0 
999 f f |s dddec548-a9fd-3ea8-9889-9f2da2174abe  |i 18062c94-d6ae-3010-b17a-7c23c23f0488  |t 0 
952 f f |a Texas A&M University  |b College Station  |c Electronic Resources  |d Available Online  |t 0  |e LC 14.25/2:IN 10878/  |h Superintendent of Documents classification 
998 f f |a LC 14.25/2:IN 10878/  |t 0  |l Available Online